| 000 | 01145aab a2200205 i 4500 | ||
|---|---|---|---|
| 001 | 768714001 | ||
| 003 | CO-MdFUSB | ||
| 005 | 20240422091642.0 | ||
| 008 | 240417t1986 ag ||||| |||| 00| 0 spa d | ||
| 040 |
_bspa _cCO-MdFUSB |
||
| 041 | _aspa | ||
| 100 | 1 |
_aDeiros, Pablo A. (Alberto) (1945-) _eautor |
|
| 245 | 4 |
_aLas Escrituras y la misión _c/ Pablo A. Deiros |
|
| 300 |
_aVolumen 5, número 2, (junio, 1986), páginas: 64 - 66 _c; 27 cm |
||
| 520 | _aEl inicio de la confesión evangélica en América Latina está íntimamente relacionado con la labor de difusión de la Biblia.Durante las primeras etapas del nacionalismo latinoamericano, sólo las sociedades bíblicas participaban en actividades evangélicas. La apreciación de la Biblia tal como es hoy, no siempre fue la misma en el desarrollo del cristianismo. De hecho, la Biblia es el resultado de un largo y lento proceso de formación. | ||
| 650 | 7 |
_aArqueología bíblica _92124 |
|
| 650 | 7 |
_aHistoria _xAspectos religiosos _xCristianismo _97036 |
|
| 773 | 0 |
_tIglesia y Misión _049402 _959679 _gVolumen 5, número 2, (junio, 1986), páginas: 64 - 66 _qpágina: 64 |
|
| 942 | _cANA | ||
| 999 |
_c51655 _d51655 |
||